| 000 | 01642cam a2200373 i 4500 | ||
|---|---|---|---|
| 999 |
_c9446 _d9446 |
||
| 001 | 18552867 | ||
| 003 | GBCCL | ||
| 005 | 20241126110712.0 | ||
| 008 | 150403s2015 ilu b 001 0 eng | ||
| 010 | _a 2015013535 | ||
| 020 | _a9780830824717 (pbk. : alk. paper) | ||
| 020 | _a9789385080920 | ||
| 040 |
_aDLC _beng _cDLC _erda _dDLC |
||
| 042 | _apcc | ||
| 050 | 0 | 0 |
_aBS2675.6.P68 _bL58 2015 |
| 082 | 0 | 0 |
_a227.2067 _223 _bLIT |
| 100 | 1 |
_aLitfin, A. Duane. _916475 |
|
| 240 | 1 | 0 | _aSt. Paul's theology of proclamation |
| 245 | 1 | 0 |
_aPaul's theology of preaching : _bthe Apostle's challenge to the art of persuasion in ancient Corinth / _cDuane Litfin. |
| 264 | 1 |
_aSecunderabad: _bGS Books, _c2019 |
|
| 300 |
_a392 pages ; _c23 cm |
||
| 336 |
_atext _btxt _2rdacontent |
||
| 337 |
_aunmediated _bn _2rdamedia |
||
| 338 |
_avolume _bnc _2rdacarrier |
||
| 500 | _a"Original edition copyright 1994, by Duane Litfin, published by Cambridge University Press under the title St. Paul's theology of proclamation : 1 Corinthians 1-4 and Greco-Roman rhetoric, Vol. 79 in the Society for New Testament studies monograph series"--Title page verso. | ||
| 504 | _aIncludes bibliographical references (pages 360-386) and indexes. | ||
| 630 | 0 | 0 |
_aBible. _pCorinthians, 1st, I-IV _xCriticism, interpretation, etc. _916476 |
| 650 | 0 |
_aPreaching _xBiblical teaching. _913229 |
|
| 650 | 0 |
_aRhetoric, Ancient. _916477 |
|
| 650 | 0 |
_aRhetoric in the Bible. _916478 |
|
| 906 |
_a7 _bcbc _corignew _d1 _eecip _f20 _gy-gencatlg |
||
| 942 |
_2ddc _cBK _02 |
||